Normal view
MARC view
- INGRAM, V.M
Entry Personal Name
001 - CONTROL NUMBER
- control field: 77134
003 - CONTROL NUMBER IDENTIFIER
- control field: NUST
005 - DATE AND TIME OF LATEST TRANSACTION
- control field: 20210628205823.0
008 - FIXED-LENGTH DATA ELEMENTS
- fixed length control field: 210628|| aca||aabn | a|a d
040 ## - CATALOGING SOURCE
- Original cataloging agency: NUST
- Transcribing agency: NUST
100 ## - HEADING--PERSONAL NAME
- Personal name: INGRAM, V.M
670 ## - SOURCE DATA FOUND
- Source citation: Work cat.: (NUST): INGRAM, V.M, THE BIOSYNTHESIS OF MACRO - MOLECULES, 1966
